A DICTIONARY of Economics
| Other Authors: | |
|---|---|
| Format: | Book |
| Published: |
Oxford [England] ; New York :
Oxford University Press ,
2003
|
| Series: | Oxford paperback reference
|
| Subjects: |
MARC
| LEADER | 00000cam a2200000 7i4500 | ||
|---|---|---|---|
| 001 | 0000003462 | ||
| 005 | 20060322.0 | ||
| 020 | 0 | 0 | |a 0198607679 |
| 090 | 0 | 0 | |a R 025.315.3 |b DIC |
| 245 | 0 | 2 | |a A DICTIONARY of Economics |c John Black |
| 260 | 0 | 0 | |a Oxford [England] ; New York : |b Oxford University Press , |c 2003 |
| 300 | |a 507 p. : |b ill. ; |c 20 cm. | ||
| 440 | 0 | 0 | |a Oxford paperback reference |
| 650 | 0 | 0 | |a Earth Sciences |x Dictionaries |
| 700 | 1 | 1 | |a Black, John |
| 999 | |a 0000006555 |b Monograph |c Reference |e Default branch | ||